Statistics for Pictures of 1 Euro Coins: Identify the Country

Click here to take the quiz!

General Stats

  • This quiz has been taken 2,686 times
  • The average score is 16 of 23

Answer Stats

IMAGECOUNTRY% Correct
Germany
91%
Ireland
86%
Italy
86%
Spain
81%
Andorra
80%
Greece
80%
France
78%
Lithuania
75%
Austria
72%
Netherlands
72%
Estonia
71%
San Marino
71%
Vatican City
71%
Luxembourg
67%
Malta
65%
Slovakia
65%
Belgium
62%
Monaco
62%
Portugal
62%
Latvia
57%
Slovenia
57%
Cyprus
51%
Finland
47%

Score Distribution

Percentile by Number Answered

Percent of People with Each Score

Your Score History

You have not taken this quiz